| 000 | 00912nac a22002771u 4500 | ||
|---|---|---|---|
| 999 |
_c5733 _d5733 |
||
| 003 | EG-ScBUE | ||
| 005 | 20210527112634.0 | ||
| 008 | 110904s1995 ua f 000 e ara d | ||
| 017 | _a95/8125 | ||
| 020 | _a9770903051 | ||
| 040 |
_aEG-ScBUE _bara _erda _cEG-ScBUE _dEG-ScBUE |
||
| 082 | 0 | 4 |
_a892.709 _bس ع د _222 |
| 100 | 1 |
_aالسعدني، محمود، _eمؤلف. _922141 |
|
| 245 | 1 | 0 |
_aوداعا للطواجن / _cمحمود السعدني. |
| 250 | _aالطبعة الأولى. | ||
| 264 | 1 |
_aالقاهرة : _bدار الشروق، _c1995. |
|
| 300 |
_a111 صفحة ؛ _c20 سم |
||
| 336 |
_2rdacontent _aنص _btxt |
||
| 337 |
_2rdamedia _aبدون وسيط _bn |
||
| 338 |
_2rdacarrier _aمجلد _bnc |
||
| 650 | 7 |
_aالأدب العربي _xتاريخ ونقد. _2BUEsh |
|
| 651 | _2BUEsh | ||
| 653 |
_bARALIT _cMay2021 |
||
| 655 |
_vReading book _934232 |
||
| 942 |
_cBB _k814.962 س ع د _2ddc |
||